Word Ladder: Japanese and Korean Currencies Quiz Stats

 Plays Quiz Updated Oct 28, 2019

Score 0/9 Timer 01:00
3 Plays Today
Clue Word % Correct
Currency of JapanYEN
99.1%
Writing instrumentPEN
98.7%
A metal container used for cooking foodPAN
97.3%
Touch gently with flat of the handPAT
94.5%
Be successful or victoriousWIN
94.3%
In good health because of regular physical exerciseFIT
94%
The major storage form of energy in bodyFAT
92.5%
Keen intelligenceWIT
91.6%
Currency of South Korea and North KoreaWON
66.5%

Today's Daily Dose

Missing Word
Celine Dion

Word Ladder
Dr. Seuss Books

Quick Pick
Cities in India

Get the Picture
'A' Actresses

You're not logged in!

Compare scores with friends on all Sporcle quizzes.
OR
Log In

Sporcle TV

Today on Sporcle TV


Watch our educational content, quiz creation guides, and fun videos on Sporcle TV.

Show Comments

Extras

Top Quizzes Today


Score Distribution

Your Account Isn't Verified!

In order to create a playlist on Sporcle, you need to verify the email address you used during registration. Go to your Sporcle Settings to finish the process.

Report this User

Report this user for behavior that violates our Community Guidelines.

Details: